| 000 | 00925nam a2200253 4500 | ||
|---|---|---|---|
| 005 | 20090922134743.0 | ||
| 008 | 700624s1969 ii b 000 0 eng | ||
| 010 | _aB-358122 | ||
| 020 | _c200.00 | ||
| 035 | _aB-358122 | ||
| 037 | _bDBAD / PUB | ||
| 040 |
_adpl _bEnglish |
||
| 082 | _aS | ||
| 245 |
_aSleeping beauty and other stories / _cedited & compiled by Reema Prashar; illustrated by Shankar Nayak |
||
| 260 |
_aDelhi _bRajdhani Pustak Kendra _c2007 |
||
| 270 |
_a485-A/3, Bhola Nath Nagar, Shahdra, _bDelhi _e110032 |
||
| 300 |
_a216p. : _c22cm(Hb) _bill. |
||
| 490 | _aSilver bell children classics | ||
| 650 | _aChildren's stories, English | ||
| 700 | _a Prashar, Reema | ||
| 700 | _a Nayak, Shankar | ||
| 942 |
_2ddc _cCH _hS _mSLE |
||
| 999 |
_c30558 _d30558 |
||